| 000 | 00511nam a2200205 a 4500 | ||
|---|---|---|---|
| 001 | BRCA_4000 | ||
| 005 | 20190320204516.0 | ||
| 008 | 160110s1962----nyu#######---#000-0#eng-# | ||
| 041 | _aeng | ||
| 044 | _anyu | ||
| 050 | 4 |
_aPZ3 _b.M66 1962 |
|
| 100 | 1 |
_aMonsarrat, Nicholas. _910404 |
|
| 245 | 1 | 0 |
_aThe Time Before this _cNicholas Monsarrat. |
| 260 |
_aNueva York _bW. Sloane _c1962 |
||
| 300 |
_a157 p. _c21 cm. |
||
| 500 | _aCEF10 | ||
| 650 | 1 | 4 |
_aNovelas policĂacas _9877 |
| 902 | _aGFM | ||
| 942 |
_2lcc _cB |
||
| 999 |
_c3726 _d3726 |
||